[Event "Championship Moscow 2015 Seniors rapid"]
[Site "?"]
[Date "2015.11.29"]
[Round "7.6"]
[White "Andreev, Viktor B."]
[Black "Kremenietsky, Anatoly M."]
[Result "0-1"]
[BlackElo "2262"]
[WhiteElo "2184"]
[LiveChessVersion "1.4.6"]

1. d4 {[%clk 0:10:09]} Nf6 {[%clk 0:10:08]} 2. c4 {[%clk 0:10:13]} c5
{[%clk 0:10:05]} 3. Nf3 {[%clk 0:10:14]} e6 {[%clk 0:10:04]} 4. Nc3
{[%clk 0:10:16]} cxd4 {[%clk 0:10:06]} 5. Nxd4 {[%clk 0:10:20]} a6
{[%clk 0:10:11]} 6. e3 {[%clk 0:10:12]} Be7 {[%clk 0:09:58]} 7. Be2
{[%clk 0:10:16]} O-O {[%clk 0:10:00]} 8. O-O {[%clk 0:10:20]} Nc6
{[%clk 0:10:00]} 9. b3 {[%clk 0:10:19]} Qc7 {[%clk 0:09:57]} 10. Bb2
{[%clk 0:10:20]} b6 {[%clk 0:10:01]} 11. e4 {[%clk 0:10:06]} Bb7 {[%clk 0:10:03]}
12. Nxc6 {[%clk 0:09:48]} Bxc6 {[%clk 0:09:24]} 13. f3 {[%clk 0:09:47]} b5
{[%clk 0:09:15]} 14. a3 {[%clk 0:09:24]} Rfd8 {[%clk 0:08:49]} 15. Rc1
{[%clk 0:08:59]} Qb8 {[%clk 0:08:14]} 16. cxb5 {[%clk 0:08:48]} axb5
{[%clk 0:08:17]} 17. b4 {[%clk 0:08:48]} Bd6 {[%clk 0:07:58]} 18. h3
{[%clk 0:08:48]} Bf4 {[%clk 0:07:39]} 19. Rc2 {[%clk 0:08:34]} d5
{[%clk 0:07:33]} 20. exd5 {[%clk 0:08:36]} Nxd5 {[%clk 0:07:36]} 21. Nxd5
{[%clk 0:08:29]} Bxd5 {[%clk 0:07:39]} 22. Qd4 {[%clk 0:08:20]} e5
{[%clk 0:07:40]} 23. Qc3 {[%clk 0:07:59]} Be6 {[%clk 0:07:13]} 24. Bd3
{[%clk 0:07:28]} Qb6+ {[%clk 0:06:57]} 25. Kh1 {[%clk 0:07:23]} Rac8
{[%clk 0:07:01]} 26. Qe1 {[%clk 0:07:16]} Rxd3 {[%clk 0:07:01]} 0-1

[Event "Championship Moscow 2015 Seniors rapid"]
[Site "?"]
[Date "2015.11.29"]
[Round "7.7"]
[White "Kolbanov, Veniamin M."]
[Black "Kachar, Vladimir"]
[Result "1-0"]
[BlackElo "2237"]
[WhiteElo "2124"]
[LiveChessVersion "1.4.6"]

1. Nf3 {[%clk 0:10:08]} d5 {[%clk 0:10:08]} 2. g3 {[%clk 0:10:10]} Nc6
{[%clk 0:10:08]} 3. d4 {[%clk 0:10:04]} Bf5 {[%clk 0:09:59]} 4. a3
{[%clk 0:09:36]} h6 {[%clk 0:09:56]} 5. Bg2 {[%clk 0:09:16]} g5 {[%clk 0:09:57]}
6. b4 {[%clk 0:07:24]} Bg7 {[%clk 0:09:55]} 7. Bb2 {[%clk 0:07:28]} e6
{[%clk 0:09:48]} 8. h3 {[%clk 0:05:52]} Nge7 {[%clk 0:09:49]} 9. Nbd2
{[%clk 0:05:45]} Bg6 {[%clk 0:08:09]} 10. Nb3 {[%clk 0:05:43]} Nf5
{[%clk 0:08:04]} 11. b5 {[%clk 0:04:48]} Nce7 {[%clk 0:07:58]} 12. Nc5
{[%clk 0:04:31]} Nd6 {[%clk 0:08:00]} 13. a4 {[%clk 0:03:44]} a6 {[%clk 0:07:59]}
14. bxa6 {[%clk 0:02:45]} bxa6 {[%clk 0:08:02]} 15. Ne5 {[%clk 0:02:49]} Bxe5
{[%clk 0:07:35]} 16. dxe5 {[%clk 0:02:53]} Nc4 {[%clk 0:07:39]} 17. Bd4
{[%clk 0:02:16]} Nc6 {[%clk 0:07:38]} 18. O-O {[%clk 0:01:30]} Bxc2
{[%clk 0:06:54]} 19. Qxc2 {[%clk 0:01:10]} Nxd4 {[%clk 0:06:57]} 20. Qd3
{[%clk 0:00:37]} Nc6 {[%clk 0:06:57]} 21. f4 {[%clk 0:00:23]} Qe7
{[%clk 0:06:42]} 22. Nb3 {[%clk 0:00:15]} Rb8 {[%clk 0:06:20]} 23. Rac1
{[%clk 0:00:15]} Rb6 {[%clk 0:04:51]} 24. a5 {[%clk 0:00:11]} N6xa5
{[%clk 0:04:44]} 25. Nxa5 {[%clk 0:00:12]} Qc5+ {[%clk 0:04:44]} 26. Kh2
{[%clk 0:00:16]} Qxa5 {[%clk 0:04:47]} 27. f5 {[%clk 0:00:19]} Qd2
{[%clk 0:03:18]} 28. fxe6 {[%clk 0:00:13]} Qxd3 {[%clk 0:03:00]} 29. exf7+
{[%clk 0:00:17]} Kf8 {[%clk 0:02:50]} 30. exd3 {[%clk 0:00:19]} Nxe5
{[%clk 0:02:52]} 31. Rxc7 {[%clk 0:00:19]} Rb8 {[%clk 0:02:44]} 32. d4
{[%clk 0:00:17]} Nc4 {[%clk 0:02:42]} 33. Re1 {[%clk 0:00:08]} Rd8
{[%clk 0:02:13]} 34. Bxd5 {[%clk 0:00:11]} Nd6 {[%clk 0:02:07]} 35. Be6
{[%clk 0:00:09]} Rh7 {[%clk 0:02:02]} 36. d5 {[%clk 0:00:13]} Nb5
{[%clk 0:01:57]} 37. Rb7 {[%clk 0:00:14]} Nd6 {[%clk 0:01:57]} 38. Ra7
{[%clk 0:00:18]} a5 {[%clk 0:01:54]} 39. Rf1 {[%clk 0:00:21]} Rg7
{[%clk 0:01:55]} 40. Rf6 {[%clk 0:00:25]} Rh7 {[%clk 0:01:52]} 41. Rg6
{[%clk 0:00:29]} Nxf7 {[%clk 0:01:50]} 42. Rf6 {[%clk 0:00:34]} Rg7
{[%clk 0:01:35]} 43. Rfxf7+ {[%clk 0:00:37]} Rxf7 {[%clk 0:01:39]} 44. Rxf7+
{[%clk 0:00:41]} Ke8 {[%clk 0:01:43]} 45. Ra7 {[%clk 0:00:45]} Rb8
{[%clk 0:01:44]} 46. Kg2 {[%clk 0:00:45]} Rb6 {[%clk 0:01:43]} 47. Kf3
{[%clk 0:00:46]} h5 {[%clk 0:01:43]} 48. Ke4 {[%clk 0:00:50]} 1-0

[Event "Championship Moscow 2015 Seniors rapid"]
[Site "?"]
[Date "2015.11.29"]
[Round "7.8"]
[White "Skorodumov, Vladimir"]
[Black "Melnik, Viktor"]
[Result "1-0"]
[BlackElo "2131"]
[WhiteElo "2234"]
[LiveChessVersion "1.4.6"]

1. c4 {[%clk 0:10:09]} c6 {[%clk 0:10:12]} 2. b3 {[%clk 0:10:11]} d5
{[%clk 0:10:15]} 3. Bb2 {[%clk 0:10:15]} Nf6 {[%clk 0:10:15]} 4. g3
{[%clk 0:10:17]} g6 {[%clk 0:10:10]} 5. cxd5 {[%clk 0:09:48]} cxd5
{[%clk 0:10:12]} 6. Bxf6 {[%clk 0:09:34]} exf6 {[%clk 0:10:16]} 7. Nf3
{[%clk 0:09:29]} Bg7 {[%clk 0:10:10]} 8. Bg2 {[%clk 0:09:32]} O-O
{[%clk 0:10:08]} 9. O-O {[%clk 0:09:35]} f5 {[%clk 0:09:48]} 10. d4
{[%clk 0:09:35]} Nc6 {[%clk 0:09:39]} 11. Nc3 {[%clk 0:09:10]} Be6
{[%clk 0:09:36]} 12. e3 {[%clk 0:09:07]} Rc8 {[%clk 0:09:24]} 13. Rc1
{[%clk 0:09:09]} h6 {[%clk 0:09:20]} 14. Qd2 {[%clk 0:08:13]} g5 {[%clk 0:08:33]}
15. Na4 {[%clk 0:07:45]} b6 {[%clk 0:08:01]} 16. Nb2 {[%clk 0:07:43]} Qd6
{[%clk 0:07:27]} 17. Nd3 {[%clk 0:07:18]} Rfd8 {[%clk 0:07:02]} 18. b4
{[%clk 0:06:16]} Ne7 {[%clk 0:06:48]} 19. Rxc8 {[%clk 0:05:45]} Rxc8
{[%clk 0:06:23]} 20. Rc1 {[%clk 0:05:48]} Ng6 {[%clk 0:04:43]} 21. Rxc8+
{[%clk 0:05:31]} Bxc8 {[%clk 0:04:46]} 22. b5 {[%clk 0:04:45]} Be6
{[%clk 0:04:28]} 23. Qc1 {[%clk 0:04:15]} Bd7 {[%clk 0:03:55]} 24. a4
{[%clk 0:04:14]} Bf8 {[%clk 0:03:24]} 25. Nfe1 {[%clk 0:04:09]} f4
{[%clk 0:02:53]} 26. exf4 {[%clk 0:04:03]} gxf4 {[%clk 0:02:55]} 27. Nxf4
{[%clk 0:04:04]} Nxf4 {[%clk 0:02:56]} 28. Qxf4 {[%clk 0:03:39]} Qb4
{[%clk 0:02:49]} 29. Nd3 {[%clk 0:03:21]} Qb1+ {[%clk 0:02:50]} 30. Bf1
{[%clk 0:03:18]} Qd1 {[%clk 0:02:07]} 31. Qe3 {[%clk 0:02:42]} Qxa4
{[%clk 0:02:02]} 32. Nf4 {[%clk 0:02:34]} Bg7 {[%clk 0:01:49]} 33. Nxd5
{[%clk 0:02:29]} Qxd4 {[%clk 0:01:35]} 34. Qxd4 {[%clk 0:01:47]} Bxd4
{[%clk 0:01:39]} 35. Bd3 {[%clk 0:00:12]} Kf8 {[%clk 0:01:33]} 36. Kf1
{[%clk 0:00:17]} Ke8 {[%clk 0:01:15]} 37. Ke2 {[%clk 0:00:20]} Kd8
{[%clk 0:01:06]} 38. f3 {[%clk 0:00:17]} Be6 {[%clk 0:01:09]} 39. Nf4
{[%clk 0:00:20]} Bb3 {[%clk 0:00:56]} 40. Kd2 {[%clk 0:00:18]} Ke7
{[%clk 0:00:56]} 41. Ne2 {[%clk 0:00:20]} Be5 {[%clk 0:00:49]} 42. f4
{[%clk 0:00:21]} Bf6 {[%clk 0:00:50]} 43. g4 {[%clk 0:00:19]} Kd6
{[%clk 0:00:48]} 44. Ng3 {[%clk 0:00:23]} 1-0

[Event "Championship Moscow 2015 Seniors rapid"]
[Site "?"]
[Date "2015.11.29"]
[Round "7.9"]
[White "Melnik, Sergey"]
[Black "Hait, Alexander"]
[Result "0-1"]
[BlackElo "2218"]
[WhiteElo "2104"]
[LiveChessVersion "1.4.6"]

1. e4 {[%clk 0:10:08]} d6 {[%clk 0:10:10]} 2. d4 {[%clk 0:10:11]} Nf6
{[%clk 0:10:14]} 3. Nc3 {[%clk 0:10:14]} g6 {[%clk 0:10:18]} 4. f4
{[%clk 0:10:17]} Bg7 {[%clk 0:10:22]} 5. e5 Nfd7 6. e6 {[%clk 0:10:08]} fxe6
{[%clk 0:10:29]} 7. Bc4 {[%clk 0:10:12]} d5 {[%clk 0:10:11]} 8. Bb3
{[%clk 0:10:14]} c5 {[%clk 0:09:49]} 9. Nf3 {[%clk 0:09:50]} Nc6 {[%clk 0:08:18]}
10. Be3 {[%clk 0:09:37]} O-O {[%clk 0:06:54]} 11. O-O {[%clk 0:09:35]} cxd4
{[%clk 0:05:39]} 12. Nxd4 {[%clk 0:09:23]} Nxd4 {[%clk 0:05:41]} 13. Bxd4
{[%clk 0:09:20]} Bxd4+ {[%clk 0:05:45]} 14. Qxd4 {[%clk 0:09:22]} Qb6
{[%clk 0:05:49]} 15. Ne2 {[%clk 0:07:25]} Qxd4+ {[%clk 0:04:36]} 16. Nxd4
{[%clk 0:07:27]} Nc5 {[%clk 0:04:26]} 17. g3 {[%clk 0:05:10]} Bd7
{[%clk 0:04:24]} 18. c3 {[%clk 0:05:06]} Nd3 {[%clk 0:03:48]} 19. Rab1
{[%clk 0:04:58]} Rac8 {[%clk 0:03:03]} 20. Bc2 {[%clk 0:04:43]} Nc5
{[%clk 0:02:57]} 21. Rfe1 {[%clk 0:04:44]} Rf6 {[%clk 0:02:47]} 22. Re5
{[%clk 0:04:33]} b5 {[%clk 0:01:24]} 23. Rbe1 {[%clk 0:04:20]} a5
{[%clk 0:01:21]} 24. h4 {[%clk 0:04:09]} b4 {[%clk 0:01:21]} 25. h5
{[%clk 0:03:54]} bxc3 {[%clk 0:01:20]} 26. hxg6 {[%clk 0:03:45]} hxg6
{[%clk 0:01:18]} 27. bxc3 {[%clk 0:03:40]} Rb8 {[%clk 0:01:13]} 28. Rg5
{[%clk 0:02:37]} Kg7 {[%clk 0:00:37]} 29. Rb1 {[%clk 0:02:25]} Rxb1+
{[%clk 0:00:37]} 30. Bxb1 {[%clk 0:02:29]} Be8 {[%clk 0:00:32]} 31. c4
{[%clk 0:02:05]} Na4 {[%clk 0:00:16]} 32. cxd5 {[%clk 0:02:00]} exd5
{[%clk 0:00:20]} 33. Rxd5 {[%clk 0:01:54]} Nc3 {[%clk 0:00:23]} 34. Rd8
{[%clk 0:01:57]} Bf7 {[%clk 0:00:22]} 35. Bd3 {[%clk 0:01:53]} Bxa2
{[%clk 0:00:20]} 36. Nc6 {[%clk 0:01:22]} Rxc6 {[%clk 0:00:22]} 37. Ra8
{[%clk 0:01:23]} a4 {[%clk 0:00:25]} 38. Bb5 {[%clk 0:01:25]} Nxb5
{[%clk 0:00:28]} 39. Rxa4 {[%clk 0:01:29]} Bd5 {[%clk 0:00:29]} 40. Ra5
{[%clk 0:01:32]} Rc5 {[%clk 0:00:33]} 41. Kf2 {[%clk 0:01:35]} Kf6 42. Ke3 e6
{[%clk 0:00:38]} 43. g4 {[%clk 0:01:43]} Rc3+ {[%clk 0:00:39]} 44. Kd2
{[%clk 0:01:46]} Rb3 {[%clk 0:00:41]} 45. Ra6 {[%clk 0:01:35]} Nd4
{[%clk 0:00:43]} 46. Ra7 {[%clk 0:01:37]} Rf3 {[%clk 0:00:45]} 47. g5+
{[%clk 0:01:30]} Kf5 {[%clk 0:00:48]} 48. Rf7+ {[%clk 0:01:34]} Ke4
{[%clk 0:00:48]} 49. Rf6 {[%clk 0:01:37]} Rxf4 {[%clk 0:00:50]} 50. Rxg6
{[%clk 0:01:41]} Rf2+ {[%clk 0:00:54]} 51. Kc3 {[%clk 0:01:44]} Rc2+
{[%clk 0:00:57]} 52. Kb4 {[%clk 0:01:49]} Kf5 {[%clk 0:00:58]} 53. Rg8
{[%clk 0:01:52]} Rg2 {[%clk 0:01:00]} 54. Rf8+ {[%clk 0:01:55]} Kxg5
{[%clk 0:01:03]} 55. Rg8+ {[%clk 0:01:58]} Kf5 {[%clk 0:01:08]} 56. Rf8+
{[%clk 0:02:02]} Ke5 {[%clk 0:01:12]} 57. Kc5 {[%clk 0:02:06]} Nc6
{[%clk 0:01:14]} 58. Rf1 {[%clk 0:02:08]} Rc2+ {[%clk 0:01:18]} 59. Kb6
{[%clk 0:02:12]} Be4 {[%clk 0:01:20]} 60. Rg1 {[%clk 0:02:13]} Nd4
{[%clk 0:01:24]} 61. Rg5+ {[%clk 0:02:17]} Nf5 {[%clk 0:01:28]} 0-1

[Event "Championship Moscow 2015 Seniors rapid"]
[Site "?"]
[Date "2015.11.29"]
[Round "7.10"]
[White "Bogumil, Pavel"]
[Black "Vul, Arkadi Eremeevich"]
[Result "1-0"]
[BlackElo "2174"]
[WhiteElo "2211"]
[LiveChessVersion "1.4.6"]

1. e4 {[%clk 0:10:08]} e5 {[%clk 0:10:10]} 2. Nf3 {[%clk 0:10:10]} Nc6
{[%clk 0:10:14]} 3. Bc4 {[%clk 0:10:09]} Nf6 {[%clk 0:10:17]} 4. d3
{[%clk 0:10:11]} Be7 {[%clk 0:10:21]} 5. O-O {[%clk 0:10:14]} O-O
{[%clk 0:10:25]} 6. Re1 {[%clk 0:10:13]} d6 {[%clk 0:10:29]} 7. c3
{[%clk 0:10:16]} h6 {[%clk 0:10:33]} 8. Bb3 {[%clk 0:10:15]} Nh7 {[%clk 0:10:34]}
9. Nbd2 {[%clk 0:10:08]} Ng5 {[%clk 0:10:33]} 10. h3 {[%clk 0:09:56]} Nxf3+
{[%clk 0:09:58]} 11. Nxf3 {[%clk 0:09:53]} Na5 {[%clk 0:09:28]} 12. Bc2
{[%clk 0:09:55]} f5 {[%clk 0:09:23]} 13. exf5 {[%clk 0:08:58]} Bxf5
{[%clk 0:09:27]} 14. d4 {[%clk 0:09:01]} Bxc2 {[%clk 0:07:41]} 15. Qxc2
{[%clk 0:09:05]} exd4 {[%clk 0:07:20]} 16. Nxd4 {[%clk 0:08:54]} Rf6
{[%clk 0:04:22]} 17. Qe4 {[%clk 0:08:38]} Bf8 {[%clk 0:04:23]} 18. Qd5+
{[%clk 0:08:39]} Kh8 {[%clk 0:04:18]} 19. Qxa5 {[%clk 0:08:41]} d5
{[%clk 0:04:01]} 20. Qa4 {[%clk 0:08:08]} c5 {[%clk 0:03:58]} 21. Nf3
{[%clk 0:07:52]} Qb6 {[%clk 0:02:44]} 22. Qg4 {[%clk 0:06:48]} Rd8
{[%clk 0:01:58]} 23. Bf4 {[%clk 0:05:45]} Qxb2 {[%clk 0:00:20]} 24. Be5
{[%clk 0:05:47]} Rc6 25. Rab1 {[%clk 0:05:22]} Qc2 {[%clk 0:00:00]} 26. Rxb7
{[%clk 0:05:22]} Rg6 {[%clk 0:00:00]} 1-0

[Event "Championship Moscow 2015 Seniors rapid"]
[Site "?"]
[Date "2015.11.29"]
[Round "7.11"]
[White "Dragomarezkij, Evgeni"]
[Black "Archangelsky, Mikhail"]
[Result "1-0"]
[BlackElo "2080"]
[WhiteElo "2431"]
[LiveChessVersion "1.4.6"]

1. c4 {[%clk 0:10:09]} e5 {[%clk 0:10:06]} 2. Nf3 {[%clk 0:10:14]} e4
{[%clk 0:10:04]} 3. Nd4 {[%clk 0:10:18]} Nc6 {[%clk 0:10:07]} 4. Nc2
{[%clk 0:10:23]} Nf6 {[%clk 0:09:57]} 5. Nc3 {[%clk 0:10:27]} Bc5
{[%clk 0:09:38]} 6. g3 {[%clk 0:10:31]} O-O {[%clk 0:08:55]} 7. Bg2
{[%clk 0:10:35]} Re8 {[%clk 0:08:59]} 8. O-O {[%clk 0:10:38]} a6 {[%clk 0:08:47]}
9. d4 {[%clk 0:08:24]} exd3 {[%clk 0:08:40]} 10. exd3 {[%clk 0:08:27]} Nd4
{[%clk 0:07:52]} 11. Ne3 {[%clk 0:08:06]} d6 {[%clk 0:07:39]} 12. Bd2
{[%clk 0:08:03]} Rb8 {[%clk 0:07:29]} 13. Rb1 {[%clk 0:07:39]} Nf5
{[%clk 0:06:57]} 14. Re1 {[%clk 0:07:24]} Nxe3 {[%clk 0:06:32]} 15. Bxe3
{[%clk 0:07:27]} Bxe3 {[%clk 0:06:34]} 16. Rxe3 {[%clk 0:06:42]} Rxe3
{[%clk 0:06:35]} 17. fxe3 {[%clk 0:06:46]} Ng4 {[%clk 0:05:50]} 18. Qe2
{[%clk 0:05:37]} Qg5 {[%clk 0:05:33]} 19. Re1 {[%clk 0:05:25]} Bf5
{[%clk 0:04:54]} 20. h3 {[%clk 0:02:34]} Ne5 {[%clk 0:04:35]} 21. e4
{[%clk 0:02:29]} Be6 {[%clk 0:03:45]} 22. Qe3 {[%clk 0:02:33]} Qxe3+
{[%clk 0:03:17]} 23. Rxe3 {[%clk 0:02:37]} c5 {[%clk 0:03:08]} 24. b3
{[%clk 0:02:38]} b5 {[%clk 0:03:03]} 25. Kf2 {[%clk 0:02:12]} b4 {[%clk 0:03:05]}
26. Nd5 {[%clk 0:01:57]} Bxd5 {[%clk 0:03:08]} 27. exd5 {[%clk 0:02:00]} f6
{[%clk 0:03:00]} 28. Bf1 {[%clk 0:01:40]} a5 {[%clk 0:03:00]} 29. d4
{[%clk 0:01:19]} cxd4 {[%clk 0:03:00]} 30. Re4 {[%clk 0:01:23]} a4
{[%clk 0:01:40]} 31. Rxd4 {[%clk 0:01:27]} axb3 {[%clk 0:01:41]} 32. axb3
{[%clk 0:01:31]} Ra8 {[%clk 0:01:39]} 33. Rd2 {[%clk 0:01:34]} Ra3
{[%clk 0:01:39]} 34. c5 {[%clk 0:01:36]} dxc5 {[%clk 0:01:33]} 35. d6
{[%clk 0:01:39]} Nd7 {[%clk 0:01:25]} 36. Bb5 {[%clk 0:01:29]} Ra7
{[%clk 0:01:25]} 37. Ke3 {[%clk 0:01:09]} Kf7 {[%clk 0:01:28]} 38. Ke4
{[%clk 0:01:05]} Nb6 {[%clk 0:00:53]} 39. d7 Nxd7 {[%clk 0:00:14]} 40. Bxd7
{[%clk 0:00:45]} Ra3 {[%clk 0:00:17]} 41. Bb5 {[%clk 0:00:43]} Ke7
{[%clk 0:00:10]} 42. Rd7+ {[%clk 0:00:41]} Ke6 {[%clk 0:00:12]} 43. Rxg7
{[%clk 0:00:43]} f5+ {[%clk 0:00:10]} 44. Kf4 {[%clk 0:00:45]} Kd5
{[%clk 0:00:10]} 45. Bc4+ {[%clk 0:00:43]} Kd4 {[%clk 0:00:14]} 46. Rxh7
{[%clk 0:00:40]} Kc3 {[%clk 0:00:15]} 47. h4 {[%clk 0:00:44]} Rxb3
{[%clk 0:00:17]} 48. Bxb3 {[%clk 0:00:47]} Kxb3 {[%clk 0:00:20]} 49. h5
{[%clk 0:00:51]} c4 {[%clk 0:00:21]} 50. h6 {[%clk 0:00:55]} c3 {[%clk 0:00:25]}
51. Rc7 {[%clk 0:00:55]} 1-0

[Event "Championship Moscow 2015 Seniors rapid"]
[Site "?"]
[Date "2015.11.29"]
[Round "7.12"]
[White "Frumson, Yury"]
[Black "Kuindzhy, Alexander"]
[Result "0-1"]
[BlackElo "2317"]
[WhiteElo "2049"]
[LiveChessVersion "1.4.6"]

1. Nf3 {[%clk 0:10:05]} e6 {[%clk 0:10:05]} 2. c4 {[%clk 0:10:09]} d5
{[%clk 0:10:08]} 3. g3 {[%clk 0:10:12]} d4 {[%clk 0:10:09]} 4. Bg2
{[%clk 0:10:06]} c5 {[%clk 0:10:13]} 5. e3 {[%clk 0:10:05]} Nc6 {[%clk 0:10:04]}
6. exd4 {[%clk 0:10:07]} cxd4 {[%clk 0:10:08]} 7. d3 {[%clk 0:10:03]} Nf6
{[%clk 0:10:09]} 8. Na3 {[%clk 0:10:06]} Bb4+ {[%clk 0:09:41]} 9. Bd2
{[%clk 0:10:04]} Bxa3 {[%clk 0:09:24]} 10. bxa3 {[%clk 0:10:08]} O-O
{[%clk 0:09:26]} 11. O-O {[%clk 0:10:11]} Re8 {[%clk 0:09:25]} 12. Re1
{[%clk 0:09:22]} e5 {[%clk 0:09:16]} 13. Rb1 {[%clk 0:09:13]} Qc7
{[%clk 0:08:57]} 14. Bg5 {[%clk 0:09:14]} Nd7 {[%clk 0:08:44]} 15. Rb5
{[%clk 0:08:30]} a6 {[%clk 0:08:10]} 16. Rb1 {[%clk 0:08:20]} Nc5
{[%clk 0:07:50]} 17. Bf4 {[%clk 0:07:36]} Bf5 {[%clk 0:07:22]} 18. Bc1
{[%clk 0:07:08]} Bxd3 {[%clk 0:06:13]} 19. Ra1 {[%clk 0:07:01]} Bxc4
{[%clk 0:06:03]} 20. Nd2 Bb5 {[%clk 0:05:40]} 21. Ne4 {[%clk 0:06:41]} Nxe4
{[%clk 0:04:54]} 22. Bxe4 {[%clk 0:06:44]} Ne7 {[%clk 0:04:41]} 23. Bd2
{[%clk 0:06:10]} Bc6 {[%clk 0:04:39]} 24. Rc1 {[%clk 0:06:14]} Qd7
{[%clk 0:04:43]} 25. f4 {[%clk 0:05:58]} Bxe4 {[%clk 0:04:29]} 26. Rxe4
{[%clk 0:06:00]} Ng6 {[%clk 0:04:24]} 27. fxe5 {[%clk 0:05:10]} Qd5
{[%clk 0:04:08]} 28. Qe2 {[%clk 0:04:23]} Rxe5 {[%clk 0:03:59]} 29. Re1
{[%clk 0:04:12]} Rae8 {[%clk 0:03:56]} 30. Rxe5 {[%clk 0:04:16]} Nxe5
{[%clk 0:03:52]} 0-1

[Event "Championship Moscow 2015 Seniors rapid"]
[Site "?"]
[Date "2015.11.29"]
[Round "7.13"]
[White "Chernov, Yury"]
[Black "Goroshilov, Vladislav"]
[Result "1-0"]
[BlackElo "2037"]
[WhiteElo "2165"]
[LiveChessVersion "1.4.6"]

1. e4 {[%clk 0:10:08]} e5 {[%clk 0:10:06]} 2. Nf3 {[%clk 0:10:12]} Nc6
{[%clk 0:10:10]} 3. Bc4 {[%clk 0:10:15]} Bc5 {[%clk 0:10:09]} 4. c3
{[%clk 0:10:14]} Nf6 {[%clk 0:10:05]} 5. b4 {[%clk 0:10:07]} Bb6 {[%clk 0:09:59]}
6. d3 {[%clk 0:10:10]} d6 {[%clk 0:09:47]} 7. O-O {[%clk 0:10:07]} a5
{[%clk 0:09:41]} 8. b5 {[%clk 0:10:00]} Ne7 {[%clk 0:09:44]} 9. Be3
{[%clk 0:09:31]} Bxe3 {[%clk 0:09:45]} 10. fxe3 {[%clk 0:09:33]} Ng6
{[%clk 0:09:40]} 11. Nbd2 {[%clk 0:09:17]} O-O {[%clk 0:09:42]} 12. Qe1
{[%clk 0:09:05]} c6 {[%clk 0:09:12]} 13. a4 {[%clk 0:08:41]} d5 {[%clk 0:09:12]}
14. exd5 {[%clk 0:08:37]} cxd5 {[%clk 0:09:16]} 15. Bb3 {[%clk 0:08:15]} Bf5
{[%clk 0:08:49]} 16. e4 {[%clk 0:07:53]} dxe4 {[%clk 0:08:48]} 17. dxe4
{[%clk 0:07:55]} Bg4 {[%clk 0:07:29]} 18. Qe3 {[%clk 0:07:50]} Rc8
{[%clk 0:05:43]} 19. Rac1 {[%clk 0:07:44]} Qe7 {[%clk 0:05:22]} 20. Nc4
{[%clk 0:06:32]} Qc5 {[%clk 0:05:09]} 21. Qxc5 {[%clk 0:05:23]} Rxc5
{[%clk 0:05:13]} 22. Nxa5 {[%clk 0:05:08]} Bxf3 {[%clk 0:05:02]} 23. gxf3
{[%clk 0:05:01]} b6 {[%clk 0:04:54]} 24. Nc4 {[%clk 0:04:57]} Nf4
{[%clk 0:04:54]} 25. Rc2 {[%clk 0:04:15]} Nd7 {[%clk 0:04:42]} 26. Rd1
{[%clk 0:04:10]} Rc7 {[%clk 0:04:38]} 27. Rd6 {[%clk 0:04:02]} Nc5
{[%clk 0:04:41]} 28. Nd2 {[%clk 0:03:28]} Nxb3 {[%clk 0:03:44]} 29. Nxb3
{[%clk 0:03:30]} Rxc3 {[%clk 0:03:41]} 30. Rxc3 {[%clk 0:03:03]} Ne2+
{[%clk 0:03:44]} 31. Kf2 {[%clk 0:03:03]} Nxc3 {[%clk 0:03:48]} 32. Rxb6
{[%clk 0:03:04]} Nxa4 {[%clk 0:03:52]} 33. Ra6 {[%clk 0:02:52]} Nc3
{[%clk 0:03:02]} 34. b6 {[%clk 0:02:52]} Nb5 {[%clk 0:02:49]} 35. b7
{[%clk 0:02:15]} Nc7 {[%clk 0:01:10]} 36. Rc6 {[%clk 0:02:15]} Ne6
{[%clk 0:01:01]} 37. Rc8 {[%clk 0:02:11]} 1-0

[Event "Championship Moscow 2015 Seniors rapid"]
[Site "?"]
[Date "2015.11.29"]
[Round "7.14"]
[White "Zilbert, Oleg"]
[Black "Gik, Evgeny"]
[Result "1-0"]
[BlackElo "2164"]
[WhiteElo "2357"]
[LiveChessVersion "1.4.6"]

1. e4 {[%clk 0:10:10]} c5 {[%clk 0:10:06]} 2. Nf3 {[%clk 0:10:14]} e6
{[%clk 0:10:10]} 3. g3 {[%clk 0:10:16]} Nc6 {[%clk 0:10:14]} 4. Bg2
{[%clk 0:10:20]} Nf6 {[%clk 0:10:11]} 5. d3 {[%clk 0:10:24]} d5 {[%clk 0:10:12]}
6. Nbd2 {[%clk 0:10:28]} Be7 {[%clk 0:10:10]} 7. O-O {[%clk 0:10:30]} b6
{[%clk 0:10:09]} 8. e5 {[%clk 0:10:08]} Nd7 {[%clk 0:10:13]} 9. Re1
{[%clk 0:10:12]} Bb7 {[%clk 0:10:17]} 10. Nf1 {[%clk 0:10:02]} Qc7
{[%clk 0:10:20]} 11. c3 {[%clk 0:09:39]} Ndxe5 {[%clk 0:09:43]} 12. Nxe5
{[%clk 0:09:42]} Nxe5 {[%clk 0:09:46]} 13. Bf4 {[%clk 0:09:46]} Bd6
{[%clk 0:09:50]} 14. Bxe5 {[%clk 0:09:48]} Bxe5 {[%clk 0:09:53]} 15. Qh5
{[%clk 0:09:52]} Bf6 {[%clk 0:09:10]} 16. Rxe6+ {[%clk 0:09:55]} Kf8
{[%clk 0:09:14]} 17. Rxf6 {[%clk 0:09:56]} gxf6 {[%clk 0:09:00]} 18. Qh6+
{[%clk 0:09:45]} Kg8 {[%clk 0:08:41]} 19. Ne3 {[%clk 0:09:39]} Qe5
{[%clk 0:08:24]} 20. Ng4 {[%clk 0:09:42]} 1-0